| 000 | 00875nam a2200193 i 4500 | ||
|---|---|---|---|
| 001 | 187926 | ||
| 003 | ES-MaACL | ||
| 005 | 20250727190111.0 | ||
| 008 | 180326s1929 sp |||| | spa d | ||
| 100 | 1 |
_aGarcía de Diego, Vicente, _d1878-1978 _954421 |
|
| 245 | 1 | 3 |
_aEl idealismo del lenguaje _b: conferencia pronunciada el día 18 de febrero de 1929 / _cpor Vicente García de Diego. |
| 260 |
_aMadrid : _b[s.n.], _c1929 ( _fBlass tipogragía) |
||
| 300 |
_a23 p. ; _c23 cm. |
||
| 490 | 1 |
_aConferencias dadas en el Centro de intercambio intelectual germano-español ; _v23 |
|
| 650 | 4 |
_aLenguaje- _xFilosofía. _914344 |
|
| 830 | 0 | 0 |
_aConferencias dadas en el Centro de Intercambio Intelectual Germano-Español _v23 _9192904 |
| 852 |
_aES-MaACL _jC-8111(19) _z.- Donat. del Centro de Intercambio Intelectual Germano-Español (Madrid) |
||
| 999 |
_c187926 _d187926 |
||